Diskusie okolo energetickej koncepcie Slovenska neutíchajú

Energetická koncepcia SR do r. 2005 s výhľadom do r. 2010. Snaha súčasnej slovenskej vlády aktualizovať túto koncepciu. Priority koncepcie. Orientácia vlády na jadrový program, rozdielny názor ochranárskych organizácií. Problémy okolo dostavby jadrovej elektrárne Mochovce. Problém neplatenia a nerac...

ver descrição completa

Na minha lista:
Detalhes bibliográficos
Autor principal: Rabayová, Z.
Formato: Capítulo de Livro
Idioma:eslovaco
Assuntos:
Tags: Adicionar Tag
Sem tags, seja o primeiro a adicionar uma tag!

MARC

LEADER 00000naa a2200000 4500
001 r022285
005 20230921075826.9
041 0 |a slo 
044 |a SK 
245 1 0 |a Diskusie okolo energetickej koncepcie Slovenska neutíchajú  |c Z. Rabayová 
520 |a Energetická koncepcia SR do r. 2005 s výhľadom do r. 2010. Snaha súčasnej slovenskej vlády aktualizovať túto koncepciu. Priority koncepcie. Orientácia vlády na jadrový program, rozdielny názor ochranárskych organizácií. Problémy okolo dostavby jadrovej elektrárne Mochovce. Problém neplatenia a neracionálneho využívania energie v niektorých podnikoch. Vznik energetickej komisie a jej úlohy. 
610 2 0 |a energetika 
610 2 0 |a energia 
610 2 0 |a energia atómová 
610 2 0 |a ekológia 
610 2 0 |a Slovensko 
100 1 |a Rabayová, Z.